000 00318nam a2200109Ia 4500
008 200302s9999 xx 000 0 und d
100 _aKrishnamurthy and Others
245 _aReinforced Concrete Handbook for Building design
260 _bC BC Publishers and Distributors Pvt., Ltd.,
260 _c2012
300 _a658 P.,
999 _c3855
_d3855